000 00525ntaaa2200193 4500
003 01
005 20251027201021.0
008 0714s1973 ag 01
040 _aAR-BaBN
_bspa
_cAR-BaBN
_eaacr
_dRIC
082 _a136.765 N16
100 _aNarramore, Clyde M.
245 _aIs your child gifted? /
_cClyde M. Narramore
250 _a1 ed.
260 _aGrand Rapids :
_bZondervan Publishing House,
_cc/1961
300 _a47 p.
500 _aLa psicología del niño: con dones especiales
650 _aNiñez
942 _cBK
999 _c4240
_d4240